Equipos de Zlatan Ibrahimović - Estadísticas

Estadísticas generales
  • Esta prueba ha sido intentada 4.102 veces
  • La puntuación promedio es 9 de 10
Estadísticas de respuestas
Años Respuesta % Correcto
2010 - 2012 AC Milan
99%
2020 - 2023 AC Milan
99%
2009 - 2011 FC Barcelona
99%
2006 - 2009 Internazionale Milano
95%
2012 - 2016 Paris Saint-Germain
91%
2016 - 2018 Manchester United
87%
2018 - 2019 LA Galaxy
84%
2004 - 2006 Juventus
79%
2001 - 2004 Ajax
78%
1999 - 2001 Malmo FF
72%
No se encontraron pruebas coincidentes
Distribución de puntuación
Porcentaje de gente con cada puntuación
Porcentaje por número respondido
Historial de tus puntuaciones
No has intentado esta prueba.